Memorandum o hospodářské politice.
Memorandum o hospodárskej politike je dokument (zaslaný MMF), v ktorom vláda vyslovuje presvedčenie, že politika vytýčená v memorande bude adekvátna pre udržanie vnútornej i vonkajšej stability a pre dosiahnutie veľkého pokroku v reštrukturalizácii ekonomiky. Vymedzuje hlavné body programu pre r. 19...
Salvato in:
| Natura: | Capitolo di libro |
|---|---|
| Lingua: | ceco |
| Soggetti: | |
| Tags: |
Nessun Tag, puoi essere il primo ad aggiungerne!!
|
MARC
| LEADER | 00000naa a2200000 4500 | ||
|---|---|---|---|
| 001 | r002929 | ||
| 005 | 20221125080107.8 | ||
| 041 | 0 | |a cze | |
| 044 | |a [CS] | ||
| 245 | 1 | 0 | |a Memorandum o hospodářské politice. |
| 520 | |a Memorandum o hospodárskej politike je dokument (zaslaný MMF), v ktorom vláda vyslovuje presvedčenie, že politika vytýčená v memorande bude adekvátna pre udržanie vnútornej i vonkajšej stability a pre dosiahnutie veľkého pokroku v reštrukturalizácii ekonomiky. Vymedzuje hlavné body programu pre r. 1991, cenovú, fiškálnu, menovú, dôchodkovú a privatizačnú politiku. Obsahuje prognózu platobnej bilancie a financovania z MMF. | ||
| 610 | 2 | 0 | |a politika hospodárska |
| 610 | 2 | 0 | |a Medzinárodný menový fond |
| 610 | 2 | 0 | |a ČSFR |
| 610 | 2 | 0 | |a 1991 |
| 610 | 2 | 0 | |a programy vládne |
| 610 | 2 | 0 | |a prognózy hospodárske |
| 610 | 2 | 0 | |a politika menová |
| 610 | 2 | 0 | |a politika cenová |
| 610 | 2 | 0 | |a stabilita hospodárstva |